[Event "Olot dels Volcans op"]
[Site "Olot"]
[Date "2010.06.12"]
[Round "7"]
[White "Blanco Esquena, Ramon"]
[Black "Fanals Mola, Eloi"]
[Result "1/2-1/2"]
[WhiteElo "1925"]
[BlackElo "1804"]
[PlyCount "68"]
[EventDate "2010.05.22"]
[EventType "swiss"]
[EventRounds "8"]
[EventCountry "ESP"]
[SourceTitle "EXT 2024"]
[Source "ChessBase"]
[SourceDate "2023.10.10"]
[SourceVersion "1"]
[SourceVersionDate "2023.10.10"]
[SourceQuality "1"]

1. e4 c5 2. Nf3 d6 3. d4 cxd4 4. c3 dxc3 5. Nxc3 Bd7 6. Bc4 h6 7. 0-0 Nc6 8. e5 Nxe5 9. Nxe5 dxe5 10. Qh5 e6 11. Qxe5 Nf6 12. Rd1 Qc8 13. Bb3 Be7 14. Bf4 0-0 15. Rac1 Qc5 16. Nd5 exd5 17. Rxc5 Bxc5 18. Bxd5 Ng4 19. Bxf7+ Rxf7 20. Qxc5 Bc6 21. Bg3 a6 22. f3 Nf6 23. Qc4 Raf8 24. Re1 Bd5 25. Qb4 Bc6 26. a4 Nd5 27. Qg4 Nf4 28. Bxf4 Rxf4 29. Qe6+ Kh8 30. Qd6 R4f6 31. Re6 R6f7 32. a5 Rf6 33. Rxf6 Rxf6 34. Qd8+ Kh7 1/2-1/2

[Event "Olot dels Volcans op"]
[Site "Olot"]
[Date "2010.05.22"]
[Round "1"]
[White "Fanals Mola, Eloi"]
[Black "Salgado Allaria, Carlos Fernando"]
[Result "0-1"]
[WhiteElo "1804"]
[BlackElo "2315"]
[PlyCount "50"]
[EventDate "2010.05.22"]
[EventType "swiss"]
[EventRounds "8"]
[EventCountry "ESP"]
[SourceTitle "EXT 2024"]
[Source "ChessBase"]
[SourceDate "2023.10.10"]
[SourceVersion "1"]
[SourceVersionDate "2023.10.10"]
[SourceQuality "1"]

1. e4 c5 2. Nf3 e6 3. d4 cxd4 4. Nxd4 Nf6 5. Nc3 Nc6 6. Be3 Bb4 7. Nxc6 bxc6 8. Bd2 d5 9. exd5 cxd5 10. Qf3 0-0 11. Be2 e5 12. h3 e4 13. Qf4 Qd7 14. 0-0 Bd6 15. Qh4 Rb8 16. Nd1 d4 17. Bf4 Bb7 18. Qg3 Bxf4 19. Qxf4 Nd5 20. Qd2 Qc6 21. Rc1 f5 22. Qg5 Rf6 23. Qg3 f4 24. Qb3 Qd6 25. Bg4 Ba6 0-1